000 00443pab a2200169 454500
008 180718b2017 xxu||||| |||| 00| 0 eng d
100 _aSakhrani, Monica
245 _aMapping the contours of child protection in India
260 _c2017
300 _ap.589-618.
362 _aOct
650 _aChild care - India
650 _aChild abuse -India
650 _aChild abuse
773 _aIndian Journal of Social Work
909 _a117224
999 _c117218
_d117218